| 000 | 01240cam a22003491 4500 | ||
|---|---|---|---|
| 001 | 2637995 | ||
| 005 | 20180607150742.0 | ||
| 008 | 730522s1956 nyu b 000 0 eng | ||
| 010 | _a 56008487 | ||
| 040 |
_aDLC _cDLC _dDLC |
||
| 043 | _an-usn-- | ||
| 100 | 1 |
_aMorison, Samuel Eliot, _d1887-1976. |
|
| 245 | 1 | 4 | _aThe intellectual life of colonial New England. |
| 250 | _a[2d ed.] | ||
| 260 |
_aNew York, _bNew York University Press, _c1956. |
||
| 300 |
_a288 p. _c21 cm. |
||
| 336 | _atext | ||
| 337 | _aunmediated | ||
| 338 | _avolume | ||
| 500 | _aFirst published in 1936 under title: The Puritan pronaos. | ||
| 504 | _aBibliographical footnotes. | ||
| 650 | 0 |
_aAmerican literature _yColonial period, ca. 1600-1775 _xHistory and criticism. |
|
| 650 | 0 | 0 |
_aChristian literature, American _xPuritan authors _xHistory and criticism. |
| 650 | 0 | 0 |
_aPuritans _zNew England _xIntellectual life. |
| 650 | 0 |
_aAmerican literature _xEnglish influences. |
|
| 650 | 0 | 0 |
_aEducation _zNew England _xHistory. |
| 650 | 0 | 0 |
_aLibraries _zNew England _xHistory. |
| 650 | 0 | _aColonies in literature. | |
| 651 | 0 |
_aNew England _xIntellectual life _y17th century. |
|
| 651 | 0 |
_aNew England _xIntellectual life _y18th century. |
|
| 942 |
_2lcc _cBK |
||
| 999 |
_c42448 _d42448 |
||